000 00543nam a2200193 4500
003 OSt
005 20240718081146.0
006 a
008 240718b |||||||| |||| 00| 0 eng d
020 _a9781592533312
040 _aDWCL-Main lib.
_cOC
082 _aCirc. 741.672 Es78 2007
100 _aMaite, Lafuente
245 _aEssential Fashion illustration details /
260 _aGloucester, MA. :
_bRockport Pub.,
_cc2007.
300 _b192p.: ill. ;
_c26 cm.
650 _a1. Fashion Drawing-Technique.
942 _2ddc
_n0
_cBK-CIRC
_kCirc.
999 _c2392
_d2392